|
|
|
|
| LEADER |
00000cam a2200000 a 4500 |
| 001 |
1/124798 |
| 008 |
220510s2021####gr da ||| |||| ||gre|| |
| 020 |
|
|
|a 9789604188123
|
| 040 |
|
|
|a GR-MyUa
|b gre
|c GR-MyUa
|e AACR2
|
| 041 |
0 |
|
|a gre
|
| 082 |
7 |
|
|a 363.73
|2 (23)
|
| 100 |
1 |
|
|a Πασχαλίδου, Αναστασία Κ.
|
| 245 |
1 |
0 |
|a Κλιματική αλλαγή /
|c Πασχαλίδου Αναστασία.
|
| 260 |
|
|
|a Θεσσαλονίκη :
|b Τζιόλα,
|c c2021.
|
| 300 |
|
|
|a 374 σ. :
|b εικ., πιν. ;
|c 24 εκ.
|
| 504 |
|
|
|a Περιλαμβάνει βιβλιογραφικές παραπομπές και ευρετήριο.
|
| 650 |
|
0 |
|a Climatic changes
|
| 650 |
|
0 |
|a Pollution
|x Environmental aspects.
|
| 650 |
|
0 |
|a Climatic changes
|x Decision making.
|
| 852 |
|
|
|a INST
|b LESVOS
|c EUDOXUS
|e 20220510
|h 363.73 ΠΑΣ
|p 005100063558
|q 005100063558
|t EDX
|y 0
|
| 852 |
|
|
|a INST
|b LESVOS
|c EUDOXUS
|e 20220510
|h 363.73 ΠΑΣ
|p 005100063559
|q 005100063559
|t EDX
|y 0
|
| 852 |
|
|
|a INST
|b LESVOS
|c EUDOXUS
|e 20220510
|h 363.73 ΠΑΣ
|p 005100063560
|q 005100063560
|t EDX
|y 0
|
| 920 |
|
|
|a Εύδοξος
|b Παραγγελλία
|y Λέσβος-ΤΠ
|z 2022-05
|
| 970 |
|
|
|a Καμάτσου
|b Δέσποινα
|z 10-05-2022
|